00530 2200193 4500001002100000008004100021035002000062245003600082100002500118250001000143260004500153300003100198020002200229084001600251082001000267650003500277990001200312990001200324INLIS000000000016000 Ind  a0010-0423000017 aKalatidhacSeno Gumira Ajidarma aSeno Gumira Ajidarma acet.2 aJakarta :bGramedia Pustaka Utama,c2019 axi, 240 hal.: ilus.c20 cm a978-602-06-2284-2 a808.8 SEN k a808.8 aKESUSASTRAAN-CERITA, PLOT. DSB a11011 a a11011 b